| 000 | 01005pam a2200277 i 4500 | ||
|---|---|---|---|
| 999 |
_c5565 _d5565 |
||
| 001 | 018469249 | ||
| 003 | Uk | ||
| 005 | 20251003081328.0 | ||
| 008 | 170606s2017 enkab 000|0|eng|d | ||
| 020 |
_a9781912049066 _qpaperback |
||
| 040 |
_aStDuBDS _beng _cStDuBDS _dUk _dKH8 _erda |
||
| 042 | _aukblcatcopy | ||
| 082 | 0 | 4 |
_a940.54 THA _223 |
| 100 | 1 |
_aThatcher, Dorothy, _eauthor. |
|
| 245 | 1 | 0 |
_aPai Naa : _bthe true story of Englishwoman Nona Baker's survival in the Malayan jungle during WWII / _cDorothy Thatcher & Robert Cross. |
| 264 | 1 |
_aBurrough on the Hill, Leicestershire : _bMonsoon, _c2017. |
|
| 300 |
_a223 pages : _billustrations, 1 map ; _c20 cm |
||
| 336 |
_atext _2rdacontent |
||
| 337 |
_aunmediated _2rdamedia |
||
| 338 |
_avolume _2rdacarrier |
||
| 530 | _aAlso issued online. | ||
| 650 | 0 |
_aWorld War, 1939-1945 _vPersonal narratives, British. |
|
| 650 | 0 |
_aWorld War, 1939-1945 _zMalaysia _zMalaya. |
|
| 700 | 1 |
_aCross, Robert _c(Writer on Nona Baker), _eauthor. |
|
| 942 |
_2ddc _cNFIC |
||